Normal view
MARC view
- Habiba Rafi
Entry Personal Name
001 - CONTROL NUMBER
- control field: 16678
003 - CONTROL NUMBER IDENTIFIER
- control field: NUST
005 - DATE AND TIME OF LATEST TRANSACTION
- control field: 20190704062259.0
008 - FIXED-LENGTH DATA ELEMENTS
- fixed length control field: 190704|| aca||aabn | a|a d
040 ## - CATALOGING SOURCE
- Original cataloging agency: NUST
- Transcribing agency: NUST
100 ## - HEADING--PERSONAL NAME
- Personal name: Habiba Rafi
670 ## - SOURCE DATA FOUND
- Source citation: Work cat.: (NUST): Habiba Rafi, Toxicity of road runoff chemicals towards common carp (Cyprinus carpio), 2018
